[Event "17th Aeroflot Open-A 2019"]
[Site "Moscow"]
[Date "2019.02.21"]
[Round "2.30"]
[White "Xu, Yi"]
[Black "Jumabayev, Rinat"]
[Result "1-0"]
[WhiteElo "2520"]
[BlackElo "2604"]
[Annotator "TA"]
[PlyCount "61"]
[EventDate "2019.02.19"]
[EventCountry "RUS"]
[SourceTitle "playchess.com"]
[Source "ChessBase"]
[SourceQuality "1"]

{[%evp 9,61,10,16,15,12,10,20,16,8,8,13,17,34,32,30,35,32,23,41,41,64,56,46,44,56,52,44,24,61,0,34,35,58,51,48,42,58,50,256,262,416,424,768,503,481,456,733,661,654,649,634,443,655,655]} 1. e4 e5 2. Nf3 Nc6 3. Bc4 Bc5 4. O-O Nf6 5. d3 O-O 6. Nbd2 {C50: Hungarian Defence and Giuoco Pianissimo} h6 7. c3 a5 8. Re1 {The position is equal.} d6 9. Nf1 Be6 10. Bb5 Bd7 $146 ({Predecessor:} 10... Bb6 11. Ng3 Ne7 12. d4 c6 13. Bd3 Qc7 14. h3 c5 15. d5 {1-0 (81) Ragger,M (2701)-McShane,L (2667) Germany 2018}) 11. Ng3 Ba7 12. h3 Re8 13. Ba4 Qb8 14. d4 b5 15. Bc2 a4 16. Be3 Bb6 17. Qc1 Kh7 18. Nh4 Ng8 {[%cal Re5d4]} 19. Nhf5 (19. Qd1 $14) 19... Qd8 (19... Bxf5 $5 20. Nxf5 g6 $11) 20. dxe5 {[#] Strongly threatening Bxb6.} Bxe3 21. Qxe3 g6 22. e6 fxe6 23. Nd4 Na5 $2 {[#]} ({Better is} 23... e5 $14) 24. e5 $18 Re7 (24... Nc4 $142 25. Qd3 Ne7) 25. Nh5 dxe5 (25... Be8 $142 26. Nf4 dxe5) 26. Qxe5 Nc4 27. Qg3 Be8 (27... e5 $142 28. Bxg6+ Kh8) 28. Nf4 e5 29. Nxg6 Bxg6 30. Qxg6+ Kh8 31. Nc6 {[%mdl 64] Double Attack. Accuracy: White = 80%, Black = 40%.} 1-0

[Event "17th Aeroflot Open-A 2019"]
[Site "Moscow"]
[Date "2019.02.21"]
[Round "2.31"]
[White "Petrosian, Tigran L."]
[Black "Tahbaz, Arash"]
[Result "1/2-1/2"]
[WhiteElo "2595"]
[BlackElo "2484"]
[Annotator "TA"]
[PlyCount "140"]
[EventDate "2019.02.19"]
[EventCountry "RUS"]
[SourceTitle "playchess.com"]
[Source "ChessBase"]
[SourceQuality "1"]

{[%evp 28,140,0,0,0,0,0,-8,0,0,12,8,14,7,1,6,14,0,0,0,32,0,0,0,7,12,19,6,4,4,4,2,4,1,8,0,8,0,74,74,74,74,74,52,74,52,74,52,74,55,74,52,74,55,74,55,74,52,74,74,74,74,74,74,74,74,74,74,74,74,74,74,74,74,74,42,42,42,42,42,42,42,42,8,28,28,28,28,28,28,28,28,28,28,28,28,28,28,28,8,28,8,28,28,28,17,28,27,27,0,28,28,29,0,34]} 1. d4 Nf6 2. Nf3 e6 3. c4 d5 4. Nc3 Be7 5. Bg5 h6 6. Bh4 O-O 7. e3 Ne4 8. Bxe7 Qxe7 9. Rc1 c6 10. Bd3 Nxc3 11. Rxc3 Nd7 12. O-O e5 13. dxe5 dxc4 14. Rxc4 Nxe5 15. Re4 Nxf3+ {D56: Queen's Gambit Declined: Lasker Defence} 16. Qxf3 Qc7 17. Bc4 b5 18. Bb3 c5 19. Bd5 Bb7 (19... Rb8 20. Qh5 Bb7 21. Bxb7 Rxb7 22. Rd1 c4 23. Rg4 {½-½ (38) Vitiugov,N (2726)-Radjabov,T (2710) Doha 2016}) 20. Bxb7 Qxb7 21. Re5 Qb6 22. Qf5 Rac8 {[#]} 23. Rc1 $146 {[%cal Re5c5]} ({Predecessor:} 23. Rd1) 23... Rfd8 24. g3 {[%cal Rc1c5]} g6 25. Qf4 $40 {[%mdl 128] White attacks.} Kg7 26. Re7 Qf6 27. Qxf6+ Kxf6 28. Rxa7 $11 {[%mdl 4096] Endgame Threatens to win with Ra5. KRR-KRR} Rd2 29. b3 c4 30. bxc4 Rxc4 31. Rxc4 (31. Ra6+ {seems wilder.} Ke5 32. Rb1 b4 33. Ra4 Rcc2 34. Rbxb4 Rxf2 35. Re4+) 31... bxc4 {KR-KR} 32. Rc7 Rxa2 (32... Rc2 $11 {keeps the balance.}) 33. Rxc4 $16 h5 34. Rc6+ Kg7 35. Kg2 Ra4 36. h3 Ra2 37. Kf3 Rb2 38. Rd6 Ra2 39. Rd1 Rb2 40. Re1 Rb3 41. Re2 Ra3 42. Rd2 Rb3 43. Kf4 Rb1 44. e4 Rh1 45. h4 Re1 46. Rd7 Re2 47. f3 Rg2 48. Rd1 Rf2 49. Rd5 Rf1 50. Rc5 Rf2 51. g4 hxg4 52. Kxg4 Rg2+ 53. Kh3 Rg1 54. Kh2 Ra1 55. h5 gxh5 56. Rxh5 f6 57. Kg3 Ra6 58. Kf4 Kg6 59. Rd5 Rb6 60. Rd7 Ra6 61. Ke3 Ra3+ 62. Rd3 Ra6 63. f4 Rb6 64. Ra3 Rd6 65. Ra7 Rb6 66. Rc7 Ra6 67. Kd4 Rd6+ 68. Ke3 Ra6 69. Rd7 Ra4 70. Rc7 Ra3+ {Accuracy: White = 36%, Black = 52%.} 1/2-1/2

[Event "17th Aeroflot Open-A 2019"]
[Site "Moscow"]
[Date "2019.02.21"]
[Round "2.32"]
[White "Tabatabaei, M.amin"]
[Black "Suleymenov, Alisher"]
[Result "1-0"]
[WhiteElo "2590"]
[BlackElo "2428"]
[Annotator "TA"]
[PlyCount "59"]
[EventDate "2019.02.19"]
[EventCountry "RUS"]
[SourceTitle "playchess.com"]
[Source "ChessBase"]
[SourceQuality "1"]

{[%evp 11,59,59,61,49,84,81,99,81,98,89,112,98,294,185,188,193,255,247,316,306,531,536,651,600,1123,1115,939,949,935,924,905,960,943,950,940,939,935,899,1792,1776,1616,1437,3421,2201,29991,29992,29992,29993,29994,29995]} 1. d4 Nf6 2. c4 b6 3. f3 Nc6 (3... Bb7 4. e4 e6 5. Nc3 d5 6. cxd5 exd5 7. e5 Nfd7 8. f4 c5 9. Nf3 Nc6 10. Be3 cxd4 11. Nxd4 Bc5 12. Bb5 Nxd4 13. Bxd4 {1-0 (33) Matlakov,M (2700)-Mamedyarov,S (2817) St Petersburg 2018}) 4. Nc3 e5 5. d5 Ne7 6. e4 {A50: Queen's Fianchetto Defence (1 d4 Nf6 2 c4 b6)} Ng6 {LiveBook: 33 Games} 7. h4 Bc5 8. Nge2 {White is better.} Nh5 $146 ({Predecessor:} 8... h6 9. h5 Nf8 10. Na4 Be7 11. Be3 {½-½ (28) Druska,J (2370)-Jurcik,M (2481) Slovakia 2014}) 9. Bg5 f6 10. Bd2 O-O 11. Qc2 f5 $2 (11... Ba6 $16) 12. Bg5 Ne7 13. exf5 {[%cal Be4f5,Bf5g6][%mdl 32]} h6 (13... c6 $142 14. g4 Nf6) 14. g4 $18 hxg5 15. hxg5 g6 $2 (15... Qe8 {is a better defense.} 16. Rxh5 Nxf5) 16. fxg6 (16. gxh5 Nxf5 17. Ne4 (17. hxg6 Qxg5 18. Ne4 Bb4+ 19. N2c3 Nd4 $14) 17... Ne3 $16) 16... Rxf3 17. Rxh5 ({Weaker is} 17. gxh5 Bf2+ 18. Kd1 d6 $18) 17... Rxf1+ 18. Kxf1 {[#] Ne4 is the strong threat.} Qf8+ 19. Kg2 {Threatens to win with Ne4.} Qf2+ 20. Kh3 {Strongly threatening Ne4.} d6 21. Ne4 Qf3+ 22. Kh2 {[#] Black must now prevent Nf6+.} Bf5 23. Nf6+ Kg7 24. gxf5 Qf2+ 25. Kh3 {White wants to mate with Rh7+.} Nxf5 26. Qe4 Kxg6 27. Kg4 Be3 28. Rh6+ {White mates.} Kf7 29. Qxf5 Qxe2+ 30. Kh3 {Precision: White = 100%, Black = 40%.} 1-0

[Event "17th Aeroflot Open-A 2019"]
[Site "Moscow"]
[Date "2019.02.21"]
[Round "2.33"]
[White "Macovei, Andrei"]
[Black "Antipov, Mikhail Al."]
[Result "0-1"]
[WhiteElo "2435"]
[BlackElo "2589"]
[Annotator "TA"]
[PlyCount "118"]
[EventDate "2019.02.19"]
[EventCountry "RUS"]
[SourceTitle "playchess.com"]
[Source "ChessBase"]
[SourceQuality "1"]

{[%evp 10,118,34,2,56,45,47,42,59,32,55,19,43,0,0,-62,-43,-71,-69,-92,6,-59,-48,-55,-48,-36,-43,-57,-56,-62,-22,-17,-13,-41,-24,-70,-91,-171,-176,-173,-164,-187,-48,-62,-32,-43,-18,-60,0,-26,0,0,0,0,0,0,0,-10,-3,-2,-7,-2,-10,-23,-4,-23,0,-10,0,0,0,-17,0,0,0,0,0,0,0,0,0,-4,0,0,0,0,0,0,0,-18,-18,-18,-6,-6,-8,-12,-12,-118,-33,-52,-90,-318,-318,-29960,-29961,-29961,-29960,-29972,-29973,-29984,-29984]} 1. e4 c5 2. Nf3 e6 3. d4 cxd4 4. Nxd4 a6 5. Nc3 d6 6. Be3 Ne7 {B54: Sicilian: 2...d6 3 d4 cxd4 4 Nxd4, Unusual Lines} (6... b5 $11) (6... b5 7. Qd2 Bb7 8. f3 Nf6 9. a4 b4 10. Na2 a5 11. Bb5+ Nbd7 12. O-O Be7 13. c3 bxc3 14. Nxc3 O-O 15. Nc6 Bxc6 16. Bxc6 Rc8 17. Bb5 {½-½ (93) Grischuk,A (2766)-Duda,J (2737) chess.com INT 2018}) 7. Qd2 Nec6 8. Nb3 b5 $146 {[%cal Bb7b5,Bb5b4][%mdl 32] White is slightly better.} ({Predecessor:} 8... Be7 9. f4 O-O 10. O-O-O b5 11. g4 Na5 12. Nxa5 Qxa5 13. Kb1 Nc6 14. g5 {1-0 (40) Heinatz,T (2327)-Simon,R (2239) Saas Almagell 2005}) 9. O-O-O Be7 10. f3 Nd7 11. g4 Nce5 12. Qg2 (12. Be2 $11) 12... b4 $15 13. Ne2 Nc4 $36 {[%mdl 2048] Black has the initiative.} 14. Bd4 e5 (14... O-O $17) 15. Bg1 (15. Ng3 $11 Qc7 16. Bg1) 15... Qc7 16. Ng3 g6 17. Bxc4 Qxc4 18. Nf1 Qc6 19. Ne3 $1 a5 {next ...a4 is good for Black.} 20. Nd5 a4 21. Nd2 Rb8 (21... b3 $5 22. axb3 axb3 23. Nxb3 Ba6 $15) 22. Kb1 Nf6 $1 {[%cal Rf6d5]} 23. Nxf6+ (23. Ne3 $17 {is a better defense.}) 23... Bxf6 $19 24. Nf1 Be6 {Hoping for ...a3.} 25. Qd2 Qc4 (25... O-O $19 26. Ne3 Rfc8) 26. b3 $1 $15 {[%cal Rb3c4]} axb3 27. cxb3 Qb5 $1 28. Ne3 Bg5 (28... Ra8 $15) 29. Nd5 ({Much weaker is} 29. Qxd6 Rd8 $17) 29... Bxd5 (29... Bxd2 {looks sharper.} 30. Nc7+ Ke7 31. Nxb5 Rxb5 32. Rxd2 d5) 30. Qxd5 (30. Qxg5 Bxb3 31. axb3 Ra8) 30... Qxd5 31. Rxd5 Ke7 32. h4 Bf4 33. Bh2 Bxh2 34. Rxh2 $11 {[%mdl 4096] Endgame KRR-KRR} h5 35. g5 Rhc8 36. Rd3 Rc6 37. Kb2 Ra8 38. Rhd2 Raa6 (38... Ke6 {is more complex.} 39. Rd5 Rb6 40. Rf2 Rba6 41. Kb1 f6) 39. Rd5 Rab6 40. R2d3 f6 41. gxf6+ Kxf6 42. f4 exf4 {aiming for ...Rc5.} 43. Rf3 Rc5 {White must now prevent ...Rxd5.} 44. Rxf4+ Ke6 45. Rf2 Rxd5 46. exd5+ Kxd5 {KR-KR} 47. Rg2 Rb8 48. Rxg6 Rf8 49. Rg2 Rf4 50. Rh2 Kd4 51. a3 bxa3+ 52. Kxa3 d5 53. b4 (53. Rd2+ $11 Kc5 54. Rc2+ Kb5 55. Rh2) 53... Kc3 (53... Rf3+ $1 $17 54. Ka4 Kc3) 54. Rh3+ Kc4 {...d4 is the strong threat.} 55. Rh1 $2 {[#]} (55. Rg3 $17) 55... Rf3+ $1 $19 56. Ka4 $2 (56. Kb2 $19) 56... d4 {Black mates.} 57. b5 {[#]} d3 $1 58. b6 d2 59. b7 Rb3 {Accuracy: White = 35%, Black = 52%.} 0-1

[Event "17th Aeroflot Open-A 2019"]
[Site "Moscow"]
[Date "2019.02.21"]
[Round "2.34"]
[White "Schitco, Ivan"]
[Black "Aleksandrov, Aleksej"]
[Result "0-1"]
[WhiteElo "2426"]
[BlackElo "2574"]
[Annotator "TA"]
[PlyCount "88"]
[EventDate "2019.02.19"]
[EventCountry "RUS"]
[SourceTitle "playchess.com"]
[Source "ChessBase"]
[SourceQuality "1"]

{[%evp 22,88,0,0,14,2,24,22,38,37,45,35,53,22,32,14,31,31,26,27,28,27,65,68,49,23,61,-65,-80,-88,-90,-81,-79,-96,-29,-154,-95,-241,-252,-295,-279,-286,-268,-232,-220,-401,-401,-389,-393,-370,-358,-464,-446,-461,-463,-677,-677,-677,-677,-5402,-5397,-5397,-440,-425,-307,-301,-301,-290,-273]} 1. c4 e6 2. g3 d5 3. Bg2 Nf6 4. Nf3 dxc4 5. Qa4+ Nbd7 6. Qxc4 c5 7. Qb3 Rb8 8. a4 b6 9. d3 Bd6 10. Na3 a6 11. Nc4 Bc7 12. Bd2 O-O {A13: English Opening: 1...e6} 13. O-O Bb7 14. Qa3 Ba8 {The position is equal.} 15. b4 b5 16. axb5 axb5 17. Na5 {[#]} Bd6 $146 ({Predecessor:} 17... Ne5 18. Nxe5 Bxe5 {½-½ (52) Khairullin,I (2650)-Aleksandrov,A (2539) Loo 2014}) 18. bxc5 Bxc5 19. Qb2 e5 20. Nb3 ({Reject} 20. Nxe5 Nxe5 21. Qxe5 Bd4 $15) 20... Bd6 21. Ra6 Bc7 22. Rc1 Re8 23. Qa2 h6 24. Na5 (24. e4 $1 $14) 24... Bb6 $1 $15 25. Nh4 e4 {Threatens to win with ...e3.} 26. d4 Bxd4 27. Nf5 Bd5 (27... Bb6 $1 $17 {aiming for ...Re6.} 28. Nc6 Bxc6 29. Rxc6 b4) 28. Qb1 {[#]} (28. Nc6 $11 {remains equal.} Bxa2 29. Nxd8 Rbxd8 30. Rxa2) 28... Bb6 $36 {[%mdl 2048] Keeping White busy.} ({Black should play} 28... Bxf2+ $1 {[%mdl 512]} 29. Kxf2 e3+ 30. Nxe3 Bxg2 31. Kxg2 Nc5 32. Rxc5 Qxd2 {[%mdl 64] Double Attack} 33. Rxf6 (33. Nf1 $2 Rxe2+ 34. Kh1 Re1 $19) 33... Rxe3) 29. Bf4 {[#]} (29. Nc6 $17 Bxc6 30. Rxc6) 29... Ra8 $1 $19 {[%cal Ra8a6]} ({Don't do} 29... Bxa5 30. Bxb8 Nxb8 31. Rd6) 30. Rxa8 Qxa8 31. Nb3 {[#]} e3 $1 {[%cal Re3f2]} 32. f3 Bc4 33. Nd6 $2 (33. Nbd4 {was necessary.}) 33... Bxe2 34. Nxe8 Qxe8 (34... Nxe8 $2 35. Qa1 $19) 35. Re1 Bc4 36. Kh1 {Now Nd2 and White clings on.} e2 37. Bd2 Bf2 38. Rc1 (38. Nc1 $142) 38... Ne5 {[%cal Bd7e5,Be5d3,Bd3e1][%mdl 32]} 39. Na5 Nd3 {Strongly threatening ...Be3.} 40. Rxc4 bxc4 41. Nxc4 e1=Q+ (41... Qa4 $142 {( -> ...Qd1+)} 42. Bf1 Qd1 43. Qxd1 exd1=Q) 42. Bxe1 Qxe1+ 43. Qxe1 Nxe1 44. Bf1 Bc5 {Accuracy: White = 48%, Black = 63%.} 0-1

[Event "17th Aeroflot Open-A 2019"]
[Site "Moscow"]
[Date "2019.02.21"]
[Round "2.35"]
[White "Narayanan, Srinath"]
[Black "Sadhwani, Raunak"]
[Result "0-1"]
[WhiteElo "2572"]
[BlackElo "2448"]
[Annotator "TA"]
[PlyCount "72"]
[EventDate "2019.02.19"]
[EventCountry "RUS"]
[SourceTitle "playchess.com"]
[Source "ChessBase"]
[SourceQuality "1"]

{[%evp 16,72,42,20,15,19,26,16,18,13,10,8,8,8,6,1,18,0,0,0,43,0,0,0,0,0,24,14,37,37,60,43,48,0,0,-38,-37,-31,-35,-27,-26,-64,0,0,0,-18,0,0,0,-121,-97,-38,-10,-359,-375,-860,-779,-969,-959]} 1. e4 e5 2. Nf3 Nf6 3. Nxe5 d6 4. Nf3 Nxe4 5. d4 d5 6. Bd3 Nc6 7. O-O Be7 8. Re1 Bf5 9. Nc3 Nxc3 {C42: Petroff Defence: 3 Nxe5 and unusual White 3rd moves} 10. bxc3 Bxd3 11. cxd3 O-O {The position is equal.} 12. Rb1 Rb8 13. Ne5 $146 ({Predecessor:} 13. Bf4 Bd6 14. Qd2 b6 15. h3 Qd7 16. Re2 Rfe8 17. Rbe1 Rxe2 18. Rxe2 Kf8 19. Bxd6+ {½-½ (19) Georgiev,K (2593)-Kuzubov,Y (2647) Valjevo 2018}) 13... Nxe5 14. dxe5 Qd7 15. d4 c5 16. f4 cxd4 17. cxd4 Rfc8 18. Qd3 Rc4 19. f5 Rbc8 20. Be3 Bd8 21. Qf1 Bb6 (21... Ba5 $5 {[%cal Ra5e1]} 22. Re2 Bb6 $14) 22. Qf4 g6 23. f6 {[#] Threatening mate with Qh6.} Bc5 24. Rf1 Bf8 25. Rf3 Rc2 26. Rf2 b5 27. h3 b4 28. Rbf1 a5 29. Qh4 $1 Rxf2 30. Rxf2 h5 31. g4 $1 {[%cal Rg4h5]} Rc3 32. Qg5 (32. Re2 $1 $11 Qb5 33. Re1) 32... h4 33. Re2 a4 {Threatens to win with ...b3.} 34. Bd2 $2 {[%mdl 8192]} (34. Qxh4 $11 {and White has nothing to worry.} b3 35. axb3 axb3 36. Bh6) 34... Qb5 $19 ({And not} 34... Rxh3 {[#]} 35. e6 $1 $16 {[%mdl 512]}) 35. Rg2 $2 (35. Re3 Rxe3 36. Qxe3) 35... Rf3 36. Qxh4 b3 {Accuracy: White = 47%, Black = 65%.} 0-1

[Event "17th Aeroflot Open-A 2019"]
[Site "Moscow"]
[Date "2019.02.21"]
[Round "2.36"]
[White "Arjun Kalyan"]
[Black "Yakubboev, Nodirbek"]
[Result "1/2-1/2"]
[WhiteElo "2444"]
[BlackElo "2569"]
[Annotator "TA"]
[PlyCount "94"]
[EventDate "2019.02.19"]
[EventCountry "RUS"]
[SourceTitle "playchess.com"]
[Source "ChessBase"]
[SourceQuality "1"]

{[%evp 15,94,13,23,23,24,21,21,16,16,17,18,16,17,10,31,32,29,22,265,248,274,259,277,270,277,277,275,285,268,271,260,226,299,312,311,335,314,321,316,279,316,329,408,402,437,402,430,420,478,482,476,447,453,424,402,421,504,493,461,474,425,0,0,0,4,0,0,0,29,0,0,0,0,0,0,0,0,0,0,0,0]} 1. e4 c5 2. Nf3 d6 3. d4 cxd4 4. Nxd4 Nf6 5. Nc3 a6 6. Be3 e5 7. Nf3 Be7 8. Bc4 Be6 9. Bxe6 {B90: Sicilian Najdorf: Unusual White 6th moves, 6 Be3 Ng4 and 6 Be3 e5} (9. Bb3 Nbd7 10. O-O Rc8 11. Nh4 Nc5 12. Nf5 Bxf5 13. exf5 Nxb3 14. axb3 Qd7 15. Qf3 d5 16. Bg5 d4 17. Bxf6 Bxf6 {0-1 (41) Sjugirov,S (2663)-Sarana,A (2618) Khanty-Mansiysk 2018}) 9... fxe6 10. Ng5 Qd7 11. Qf3 d5 12. O-O-O {[%cal Re4d5]} d4 13. Bxd4 exd4 14. e5 $36 {[%mdl 2048] Black is under pressure.} O-O 15. Qh3 h6 $1 {[%cal Rh6g5]} 16. Nxe6 Nh7 $146 (16... Nc6 $11) ({Predecessor:} 16... Nc6 17. exf6 Rxf6 {½-½ (27) Ivanov,V (2195)-Khorunzhy,M (2233) ICCF email 2013}) 17. Rxd4 $18 (17. Nxf8 Qxh3 18. gxh3 dxc3 $14) 17... Qc8 {[#] aiming for ...Ng5.} 18. Nd5 $1 {[%cal Rd5e7]} (18. Nxf8 Qxh3 19. gxh3 Nxf8 $16) 18... Nc6 19. Nxe7+ ({Weaker is} 19. Nxf8 Bg5+ 20. f4 Nxd4 $14) 19... Nxe7 {[#]} 20. Qb3 $1 ({Not} 20. Nxf8 Qxh3 21. gxh3 Nxf8 $16) 20... Kh8 21. Nxf8 Nxf8 22. Rhd1 Nc6 23. Rd5 b5 24. f4 Qf5 25. g3 Rc8 26. Qd3 Qh3 {Threatening ...Nb4.} 27. Qd2 Qf5 {And now ...Nb4 would win.} 28. a3 b4 29. Qd3 Qh3 30. Qxa6 bxa3 31. Qxa3 Ng6 32. Rc5 Qg2 33. b4 {[%cal Bb2b4,Bb4b5][%mdl 32]} Rb8 34. b5 Nce7 35. Rc7 Nf5 36. Qc5 Kh7 37. b6 Qxh2 38. e6 $2 ({White should try} 38. Rd3 $18) 38... Qxg3 $11 39. b7 Qxf4+ 40. Kb2 {Black must now prevent Rd5.} Qe4 $1 41. Rdd7 Nf4 (41... Nf8 $5 {[%cal Rf8d7]} 42. Qd5 Qb4+ 43. Qb3 Qe4 $11) 42. Rxg7+ {[%mdl 64] Decoy} Nxg7 {[#]The position is equal.} 43. Rxg7+ $1 {[%mdl 512]} Kxg7 44. Qc7+ Kf6 45. Qxb8 Qb4+ 46. Ka2 Qa4+ 47. Kb2 Qb4+ {Accuracy: White = 73%, Black = 51%.} 1/2-1/2

[Event "17th Aeroflot Open-A 2019"]
[Site "Moscow"]
[Date "2019.02.21"]
[Round "2.37"]
[White "Gukesh D"]
[Black "Maghsoodloo, Parham"]
[Result "0-1"]
[WhiteElo "2508"]
[BlackElo "2666"]
[Annotator "RC"]
[PlyCount "136"]
[EventDate "2019.02.19"]
[EventCountry "RUS"]
[SourceTitle "playchess.com"]
[Source "ChessBase"]
[SourceQuality "1"]
[TimeControl "40/5400+30:1800+30"]

1. e4 g6 2. d4 Bg7 3. Nf3 d6 4. Bc4 Nc6 5. O-O Nf6 6. d5 Nb8 7. Nc3 Bg4 8. h3 Bxf3 9. Qxf3 O-O 10. Be3 c6 11. Rad1 Qc7 12. dxc6 Nxc6 13. Qe2 a6 14. Bg5 e6 15. Qd2 Qa5 16. Bh6 Rfd8 17. Bxg7 Kxg7 18. a3 b5 19. Bb3 Qb6 20. Qf4 Qc5 21. Rd2 Rd7 22. Rfd1 Rad8 23. Rd3 h6 24. Qe3 g5 25. Ne2 Qxe3 26. Rxe3 Ne5 27. Nd4 h5 28. c3 h4 29. a4 Rb8 30. axb5 axb5 31. Nc2 Rdd8 32. Rd4 Kf8 33. Re1 Ke7 34. f3 Nfd7 35. Nb4 Rdc8 36. Red1 Nc5 37. Bc2 Nc4 38. Rb1 Nd7 39. Rdd1 Nde5 40. Bd3 Na5 41. Bf1 Nac6 42. Nc2 b4 43. cxb4 Nxb4 44. Ne3 Rc6 45. Rdc1 Rcb6 46. Rc7+ Kd8 47. Rc3 Nbc6 48. Rd1 Kd7 49. Nc4 Nxc4 50. Bxc4 Rxb2 51. Rcd3 Ke7 52. Rxd6 Ne5 53. Bf1 Ra8 54. R6d2 Raa2 55. Rxb2 Rxb2 56. Re1 Ng6 57. Re2 Rb1 58. Kf2 Nf4 59. Ra2 Nh5 60. Bd3 Rb3 61. Bc4 Rc3 62. Bb5 Kf6 63. Be8 Rc8 64. Bd7 Rc7 65. Be8 Ke5 66. Ke3 Rc3+ 67. Kf2 Rc7 68. Ke3 Rc8 0-1

[Event "17th Aeroflot Open-A 2019"]
[Site "Moscow"]
[Date "2019.02.21"]
[Round "2.38"]
[White "Van Foreest, Jorden"]
[Black "Sindarov, Javokhir"]
[Result "1-0"]
[WhiteElo "2618"]
[BlackElo "2505"]
[Annotator "TA"]
[PlyCount "73"]
[EventDate "2019.02.19"]
[EventCountry "RUS"]
[SourceTitle "playchess.com"]
[Source "ChessBase"]
[SourceQuality "1"]

{[%evp 19,73,-7,0,-6,0,-16,39,39,41,30,96,89,105,101,114,66,74,63,77,67,60,41,38,43,41,35,42,31,56,52,237,237,333,338,501,497,780,770,707,373,358,291,284,302,307,306,306,316,306,306,299,305,431,416,879,869]} 1. e4 e6 2. d4 d5 3. Nc3 Nf6 4. Bg5 Bb4 5. e5 h6 6. Bd2 Bxc3 7. bxc3 Ne4 8. Bc1 c5 9. Qg4 g6 10. Bd3 cxd4 11. Nf3 {C12: French: Classical System: McCutcheon Variation} (11. Ne2 Nc6 12. cxd4 Qa5+ 13. Kf1 Nd2+ 14. Bxd2 Qxd2 15. h4 Bd7 16. Qf3 O-O-O 17. g3 f6 18. exf6 Rhf8 {0-1 (32) Plachetka,J (2439)-Cernousek,L (2379) Slovakia 2005}) 11... dxc3 12. O-O Nc6 (12... h5 $11 13. Qf4 Nc5) 13. Bxe4 $14 {White is slightly better.} dxe4 14. Qxe4 Qd5 $146 (14... Ne7 $11) ({Predecessor:} 14... Bd7 15. Rb1 Na5 16. Rd1 Qe7 17. Qd4 b6 18. Qxc3 Rc8 {0-1 (42) Meszaros,G-Laszlo,C Budapest 1953}) 15. Qf4 {[%mdl 1024] White has strong compensation.} Bd7 16. Qf6 Rh7 17. Ba3 Qa5 18. Bd6 {Hoping for Rab1.} Qd8 19. Qf4 $40 {[%mdl 128] White has some attack.} Ne7 20. Rfd1 Nd5 21. Qg3 Rc8 22. Rd4 Bc6 23. Rad1 Rh8 24. h4 b6 $2 {[#]} (24... Ne7 $1 $14) 25. Nh2 $1 $18 h5 (25... Rg8 $142 26. Ng4 h5) 26. Nf3 Qd7 (26... g5 {keeps fighting.} 27. Nxg5 Rg8 28. Nxe6 Rxg3 29. Nxd8 Ne3 30. fxg3 Rxd8) 27. Ng5 Ba4 (27... Qb7 $142 28. Ne4 Kd7) 28. Rxd5 Bxc2 29. Re1 Rc4 (29... exd5 $2 {loses.} 30. e6 $18) 30. Qf3 ({Not} 30. Rd3 Bxd3 31. Qxd3 Qc6 $16) 30... Bf5 ({Don't blunder} 30... exd5 $2 31. Qf6 $18) 31. Rdd1 c2 32. Rc1 Qc6 33. Qxc6+ Rxc6 34. Re2 f6 35. Nf3 Rc3 (35... Kf7 {was worth a try.} 36. Nd4 Rc3 37. Nxf5 gxf5 38. Rexc2 Rxc2 39. Rxc2 fxe5 40. Bxe5 Re8 41. Rc7+ Kg6 42. Rg7+ Kh6 43. Rxa7 b5) 36. exf6 Kf7 (36... Rxf3 $142 37. gxf3 Kf7) 37. Ng5+ {Accuracy: White = 81%, Black = 41%.} 1-0

[Event "17th Aeroflot Open-A 2019"]
[Site "Moscow"]
[Date "2019.02.21"]
[Round "2.39"]
[White "Gordievsky, Dmitry"]
[Black "Gagare, Shardul"]
[Result "1-0"]
[WhiteElo "2603"]
[BlackElo "2495"]
[Annotator "TA"]
[PlyCount "105"]
[EventDate "2019.02.19"]
[EventCountry "RUS"]
[SourceTitle "playchess.com"]
[Source "ChessBase"]
[SourceQuality "1"]

{[%evp 10,105,30,29,32,25,15,18,29,8,33,10,13,29,36,34,38,27,61,37,54,37,46,43,62,18,26,11,43,43,58,16,16,16,101,97,102,103,116,116,120,117,143,134,162,168,179,165,170,157,257,235,409,393,365,235,363,367,606,599,608,572,681,666,620,618,562,449,483,0,527,495,634,652,761,763,764,662,856,841,858,857,824,787,1290,1247,1191,1101,1587,1418,29969,29968,29977,29977,29977,29978,29939,29939]} 1. Nf3 d5 2. c4 c6 3. g3 Nf6 4. Bg2 Bf5 5. Qb3 Qb6 6. d3 e6 {A11: English Opening: 1...c6} 7. Be3 Qxb3 8. axb3 a6 {The position is equal.} 9. Bd4 Nbd7 10. Bc3 Bd6 $146 ({Predecessor:} 10... Be7 11. Nbd2 c5 12. Ne5 d4 13. Nxd7 Nxd7 14. Ba5 {1-0 (45) Giri,A (2783)-Aronian,L (2765) St Petersburg 2018}) 11. Nh4 Bg6 12. Nxg6 hxg6 13. b4 e5 14. Na3 Ke7 15. Nc2 Rad8 16. h3 Rhe8 17. b3 e4 18. dxe4 dxe4 19. O-O-O Be5 20. Kb2 Bxc3+ 21. Kxc3 c5 (21... g5 $11 {keeps the balance.}) 22. g4 $16 cxb4+ 23. Nxb4 Kf8 24. g5 Nh5 25. e3 f6 26. h4 Nc5 27. Rxd8 Rxd8 28. Nd5 Re8 29. Rg1 Re5 (29... Nd3 $16 {was necessary.}) 30. Bh3 $18 Kf7 $2 {[#]} (30... f5 31. Bf1 Re8) 31. b4 Ne6 32. Bxe6+ Rxe6 {[%mdl 4096] Endgame KRN-KRN} (32... Kxe6 $142 33. gxf6 Nxf6) 33. Kd4 Re5 $2 (33... Kf8 34. Rb1 Re5) 34. Rg4 Rf5 35. Rxe4 Rxf2 36. Re7+ Kf8 37. Rxb7 Ng3 38. Rb8+ Kf7 39. Rb7+ Kf8 40. Kc5 Ne4+ 41. Kb6 fxg5 42. hxg5 Rd2 43. Kxa6 Nxg5 44. Nf4 Ne4 45. Nxg6+ Kg8 46. c5 Rg2 47. Ne7+ Kf8 48. c6 Nd6 49. Rd7 Ra2+ 50. Kb6 {White mates.} Nc4+ 51. Kb7 Ne5 {[#]} 52. Ng6+ $1 {[%mdl 576] Promotion} Nxg6 53. c7 {Accuracy: White = 72%, Black = 30%.} 1-0